000 00293nam a22001337a 4500
008 190304b xxu||||| |||| 00| 0 eng d
020 _a9780071814843
041 _aeng
080 _23rd
_a616-002.77
100 _a7
101 _aREU
245 _aRheumatology
_cFauci,A.S
942 _2udc
_cBK
999 _c54393
_d54393